LIBRARY & INFORMATION CENTRE, KCAET, TAVANUR

ONLINE PUBLIC ACCESS CATALOGUE (OPAC)

Simulating the impact of check dams on river flow-a case study in Bharathappuzha river basin (Record no. 14954)

MARC details
000 -LEADER
fixed length control field 00808nam a22001817a 4500
003 - CONTROL NUMBER IDENTIFIER
control field OSt
088 ## - REPORT NUMBER
Report number P 213
100 ## - MAIN ENTRY--AUTHOR NAME
Personal name ARSHANA V.K
-- HARITHA A
-- HREDHYA HARIDAS
-- JYOTHISH V
-- RASHIDA RAJUVA T.A
245 ## - TITLE STATEMENT
Title Simulating the impact of check dams on river flow-a case study in Bharathappuzha river basin
260 ## - PUBLICATION, DISTRIBUTION, ETC. (IMPRINT)
Place of publication Tavanur 2010
Name of publisher Department of Land and Water Resources and Conservation Engineering
300 ## - PHYSICAL DESCRIPTION
Number of Pages 53
500 ## - GENERAL NOTE
General note Simulating the impact of check dams on river flow-a case study in Bharathappuzha river basin
520 ## - SUMMARY, ETC.
Summary, etc Simulating the impact of check dams on river flow-a case study in Bharathappuzha river basin
700 ## - ADDED ENTRY--PERSONAL NAME
Personal name Dr. K.K Sathian (Guide)
856 ## - ELECTRONIC LOCATION AND ACCESS
Uniform Resource Identifier https://drive.google.com/open?id=11S3d0_aibtllSoM1vnCyybiQnrpM7QZk
942 ## - ADDED ENTRY ELEMENTS (KOHA)
Koha item type Project Report
Holdings
Collection code Home library Current library Shelving location Full call number Accession Number Koha item type
Reference KAUAET KAUAET Reference 631.3 ARS/SI P 213 Project Report
free website counter